000 00893nam0a22002891 4500
001 v19\rc\1728161
005 20260406113826.0
035 _a(NLR Aleph) 005231076
090 _a5606015
_c5606016
100 _a20061002d1901 |||y0rusy50 ca
101 0 _arus
102 _aRU
105 _ay z |||a|
200 1 _aХлеб
_eРоман
_fД.Н. Мамин-Сибиряк
205 _a2-е изд.
210 _aМосква
_cМ.В. Клюкин
_d1901
215 _a661 с.
_d19
532 1 3 _aХлеб
700 1 _8rus
_7ca
_aМамин-Сибиряк
_bД. Н.
_f1852-1912
_gДмитрий Наркисович
_3RU\NLR\AUTH\77149
_9110226
801 2 _aRU
_bNLR
_c20090925
_2rusmarc
801 0 _aRU
_bNLR
_c20061002
_gpsbo
801 0 _aRU
_bRuMoRGB
_c20061002
_2psbo
801 1 _aRU
_bProSoft-M
_c20061002
_2rusmarc
852 _aNLR
_j20.56.6.32
942 _cBOOK
980 _aNB